[Event "Portoroz op"]
[Site "Portoroz"]
[Date "1995.??.??"]
[Round "?"]
[White "Tukmakov, Vladimir B"]
[Black "Bukic, Enver"]
[Result "1-0"]
[WhiteElo "2585"]
[BlackElo "2445"]
[PlyCount "69"]
[EventDate "1995.04.??"]
[EventType "swiss"]
[EventRounds "9"]
[EventCountry "SLO"]
[SourceTitle "CBM 046 Extra"]
[Source "ChessBase"]
[SourceDate "1995.07.01"]
[SourceVersion "1"]
[SourceVersionDate "1995.07.01"]
[SourceQuality "1"]

1. d4 Nf6 2. Nf3 g6 3. c4 Bg7 4. g3 0-0 5. Bg2 c6 6. 0-0 d5 7. Qb3 dxc4 8. Qxc4 Bf5 9. Nc3 Ne4 10. e3 Nd7 11. Nd2 Nb6 12. Qb3 Nd6 13. h3 e5 14. dxe5 Bxe5 15. Nf3 Bg7 16. Rd1 Qc7 17. Nd4 Rad8 18. Nxf5 Nxf5 19. Bd2 Nd7 20. Ne4 Nf6 21. Nc5 b6 22. Na6 Qc8 23. Nb4 c5 24. Nc6 Rd6 25. Ne5 Qc7 26. Bc3 Rfd8 27. Nc6 Rxd1+ 28. Rxd1 Rxd1+ 29. Qxd1 Ne8 30. Qa4 Bxc3 31. bxc3 a5 32. Nxa5 Nf6 33. Nc4 Nd6 34. Ne5 Nfe4 35. Ng4 1-0

[Event "Portoroz op"]
[Site "Portoroz"]
[Date "1994.??.??"]
[Round "?"]
[White "Bukic, Enver"]
[Black "Cebalo, Miso"]
[Result "0-1"]
[WhiteElo "2445"]
[BlackElo "2520"]
[PlyCount "22"]
[EventDate "1994.04.??"]
[EventType "swiss"]
[EventRounds "9"]
[EventCountry "SLO"]
[SourceTitle "TD"]
[Source "ChessBase"]
[SourceDate "1994.03.01"]
[SourceVersion "1"]
[SourceVersionDate "1994.03.01"]
[SourceQuality "1"]

1. d4 Nf6 2. c4 e6 3. Nf3 c5 4. d5 b5 5. Bg5 h6 6. Bxf6 Qxf6 7. Nc3 b4 8. Nb5 Qxb2 9. dxe6 Kd8 10. Ng5 hxg5 11. Rb1 Qe5 0-1

[Event "Bled op 15th"]
[Site "Bled"]
[Date "1994.??.??"]
[Round "?"]
[White "Bukic, Enver"]
[Black "Florjancic, Rudolf"]
[Result "1-0"]
[WhiteElo "2445"]
[BlackElo "2165"]
[PlyCount "111"]
[EventDate "1994.03.??"]
[EventType "swiss"]
[EventRounds "9"]
[EventCountry "SLO"]
[SourceTitle "TD"]
[Source "ChessBase"]
[SourceDate "1994.03.01"]
[SourceVersion "1"]
[SourceVersionDate "1994.03.01"]
[SourceQuality "1"]

1. d4 Nf6 2. c4 e6 3. Nf3 d5 4. Nc3 c6 5. e3 Bd6 6. Bd3 Nbd7 7. 0-0 0-0 8. e4 dxe4 9. Nxe4 Nxe4 10. Bxe4 Nf6 11. Bc2 b6 12. b3 Bb7 13. Bb2 Re8 14. Qe2 g6 15. Rad1 Bf8 16. Ne5 Bg7 17. Qe3 Qe7 18. Rd2 Rac8 19. Bd1 c5 20. Bf3 cxd4 21. Bxd4 Red8 22. Rfd1 Ne8 23. Bxb7 Qxb7 24. Ng4 Qe7 25. Bxg7 Kxg7 26. g3 Rxd2 27. Rxd2 h5 28. Ne5 Rc7 29. Qc3 f6 30. Nf3 Rd7 31. Rxd7 Qxd7 32. c5 bxc5 33. Qxc5 Qc7 34. Nd4 Kf7 35. Nc6 a6 36. b4 g5 37. a4 Qd7 38. b5 axb5 39. axb5 Qd1+ 40. Kg2 Qd5+ 41. Qxd5 exd5 42. b6 Nd6 43. Nd8+ Kg6 44. b7 Nxb7 45. Nxb7 g4 46. Nc5 Kf5 47. Kf1 h4 48. Ke2 hxg3 49. hxg3 Ke5 50. Ke3 d4+ 51. Kd3 f5 52. Nb3 f4 53. Nxd4 fxg3 54. fxg3 Kd5 55. Ke3 Ke5 56. Ne2 1-0

[Event "Bled op 15th"]
[Site "Bled"]
[Date "1994.??.??"]
[Round "?"]
[White "Bukic, Enver"]
[Black "Mestrovic, Zvonimir"]
[Result "1/2-1/2"]
[WhiteElo "2445"]
[BlackElo "2420"]
[PlyCount "50"]
[EventDate "1994.03.??"]
[EventType "swiss"]
[EventRounds "9"]
[EventCountry "SLO"]
[SourceTitle "TD"]
[Source "ChessBase"]
[SourceDate "1994.03.01"]
[SourceVersion "1"]
[SourceVersionDate "1994.03.01"]
[SourceQuality "1"]

1. d4 Nc6 2. Nf3 d6 3. c4 e5 4. Nc3 Bg4 5. d5 Nce7 6. e4 Ng6 7. g3 Be7 8. h4 Nf6 9. Be2 0-0 10. Nd2 Bd7 11. Nf1 a6 12. Ne3 b5 13. cxb5 axb5 14. b4 Qb8 15. h5 Nh8 16. g4 h6 17. Nf5 Bd8 18. g5 hxg5 19. h6 g6 20. h7+ Nxh7 21. Qd3 f6 22. Nh6+ Kg7 23. Nf5+ Kg8 24. Nh6+ Kg7 25. Nf5+ Kg8 1/2-1/2

[Event "Ljubljana op 5th"]
[Site "Ljubljana"]
[Date "1994.??.??"]
[Round "?"]
[White "Bukic, Enver"]
[Black "Palac, Mladen"]
[Result "1/2-1/2"]
[WhiteElo "2445"]
[BlackElo "2505"]
[PlyCount "34"]
[EventDate "1994.06.??"]
[EventType "swiss"]
[EventRounds "9"]
[EventCountry "SLO"]
[SourceTitle "TD"]
[Source "ChessBase"]
[SourceDate "1994.03.01"]
[SourceVersion "1"]
[SourceVersionDate "1994.03.01"]
[SourceQuality "1"]

1. d4 d5 2. c4 c6 3. Nc3 Nf6 4. e3 e6 5. Nf3 Nbd7 6. Qc2 Bd6 7. Be2 0-0 8. 0-0 dxc4 9. Bxc4 Qe7 10. h3 e5 11. a3 Bb8 12. Ba2 h6 13. Nh4 Rd8 14. Nf5 Qe8 15. Ne2 Nf8 16. dxe5 Bxe5 17. Neg3 Be6 1/2-1/2